000 01267cam a2200349 i 4500
001 20613
003 CO-MdFUSB
005 20220625062546.0
008 161004t1995 xxu||||f |||| 00| 0 eng d
020 _a0-8006-2624-9
040 _aCO-MdFUSB
_bEspañol
_cCO-MdFUSB
_dCO-MdFUSB
_erda
041 _aeng
082 _224
_a296.81
_bST824j
100 1 _aStemberger, Günter,
_eautor
_d1940-
245 1 0 _aJewish contemporaries of Jesus
_b: Pharisees, Sadducees, Essenes
_c/ Günter Stemberger ; Translated by Allan W. Mahnke
264 1 _aMinneapolis, Minnesota :
_bFortress Press,
_c℗1995
264 4 _c©1995
300 _a161 páginas
_c22 cm.
336 _2rdacontent
_a1
_ba1
337 _2rdamedia
_a2
_b5
338 _2rdacarrier
_a2
_b5
504 _aIncluye índices (p. 157-161)
505 0 0 _aFariseos y saduceos: Las fuentes -- Fariseos y saduceos: Sus enseñanzas -- Fariseos y saduceos: Su historia -- Esenios, fariseos, saduceos -- Después de 70 C.E.: ¿Descanso o continuidad?
534 _cPharisäer, Sadduzäer, Essener
_pTítulo original en alemán:
650 7 _aJudaísmo
_xHistoria
_2
_96884
653 _aFariseos
653 _aSaduceos
653 _aEsenios
942 _cBK
999 _c46964
_d46964